| 000 | 01355nam a22002417a 4500 | ||
|---|---|---|---|
| 999 |
_c57111 _d57111 |
||
| 003 | Ge_BSU | ||
| 005 | 20191120104629.0 | ||
| 008 | 191120s2018 ge ||||| |||| 00| 0 geo d | ||
| 020 | _a9789941277689 | ||
| 041 | _ageo | ||
| 080 | _a159.955 კ-23 | ||
| 100 |
_aკანტი, იმანუელ. _9757 |
||
| 245 |
_aრას ნიშნავს აზროვნებაში ორიენტირება ? : _b საყოველთაო ისტორიის იდეა მსოფლიო-სამოქალაქო განზრახვით / _cიმანუელ კანტი ; მთარგმ . ლუკა ნახუცრიშვილი ; რედ. გურამ თევზაძე ; მხატვ. მერაბ გეწაძე. |
||
| 264 |
_aთბილისი : _bCarpe diem, _c2018. |
||
| 300 |
_a63 გვ. ; _c20 სმ. |
||
| 546 | _aპარალ. სათ. ინგლ. | ||
| 653 | _aფსიქოლოგია | ||
| 653 | _aაზროვნება | ||
| 700 |
_aნახუცრიშვილი, ლუკა _eმთარგმნელი _95466 |
||
| 700 |
_aთევზაძე, გურამ _eრედაქტორი _95467 |
||
| 700 |
_aგეწაძე, მერაბ _eმხატვარი _95470 |
||
| 942 |
_2udc _cBK |
||